000
00258nam a22001217a 4500
003
SGT
082
_a
616.89
_b
C13F
100
_a
FUGGLE, PETER
245
_a
CBT WITH CHILDREN YOUNG PEOPLE
260
_a
LONDON
_b
SAGE
_c
2013
300
_a
302
942
_2
ddc
_c
BK
999
_c
14988
_d
14988